Reconocimiento y medición de impuestos diferidos en la NIIF para Pymes (Segunda parte) (Registro nro. 11658)

Detalles MARC
000 -LEADER
fixed length control field 00350 a2200109 4500
001 - CONTROL NUMBER
control field ART_7017
005 - DATE AND TIME OF LATEST TRANSACTION
control field 20260410161622.0
008 - FIXED-LENGTH DATA ELEMENTS--GENERAL INFORMATION
fixed length control field 260409a
100 1# - MAIN ENTRY--PERSONAL NAME
Personal name Zgaib, Alfredo O.
245 10 - TITLE STATEMENT
Title Reconocimiento y medición de impuestos diferidos en la NIIF para Pymes (Segunda parte)
773 0# - HOST ITEM ENTRY
Title Enfoques
Related parts - Nº 4 (abr. 2011)
Record control number REV416

No hay ítems disponibles.